Easter Eggs Quiz Stats

Quiz Updated Sep 19, 2016

Challenge
Share
Tweet
Score 0/24 Timer 06:00
11 Plays Today
% Correct
Angry Birds
96.3%
SpongeBob SquarePants
95.7%
Spider-Man
95.5%
Apple iPhone
93.8%
Superman
93.6%
Planet Earth
93%
Lego
92.1%
Google
91.8%
Elvis Presley
91.6%
Pac-Man
91.3%
Bunch of regular eggs
91%
Minions (Despicable Me)
90.5%
% Correct
Harry Potter
89%
Kiss (Band)
86.5%
Xbox
86.5%
Iron Man
85.1%
Mike Wazowski (Monsters, Inc.)
84.5%
Storm Troopers (Star Wars)
83%
Munch's 'The Scream'
83%
Futurama
77.3%
van Gogh's 'The Starry Night'
75.2%
The Nightmare Before Christmas
74.5%
EVE (WALL·E)
69.5%
Dalek (Doctor Who)
46.5%

You're not logged in!

Compare scores with friends on all Sporcle quizzes.
Sign Up with Email
OR
Log In

You Might Also Like...

Show Comments

Extras

Top Quizzes Today


Score Distribution

Your Account Isn't Verified!

In order to create a playlist on Sporcle, you need to verify the email address you used during registration. Go to your Sporcle Settings to finish the process.